Opodatkowanie wzrostu wynagrodzen.

O zdanení rastu miezd v Maďarsku v roku 1991, čo znamenalo, že bola zrušená spätosť tohto rastu s rastom efektívnosti meranej pridanou hodnotou. Zásady nového systému. Úplné oslobodenie od dane sa týka iba malých podnikov so zahraničným kapitálom. Charakterizácia nového zdanenia.

Na minha lista:
Detalhes bibliográficos
Autor principal: Nieckarz, S.
Formato: Capítulo de Livro
Idioma:polonês
Assuntos:
Tags: Adicionar Tag
Sem tags, seja o primeiro a adicionar uma tag!

MARC

LEADER 00000naa a2200000 4500
001 r004490
005 20221125122912.2
041 0 |a pol 
044 |a PL 
245 1 0 |a Opodatkowanie wzrostu wynagrodzen.  |c S. Nieckarz 
520 |a O zdanení rastu miezd v Maďarsku v roku 1991, čo znamenalo, že bola zrušená spätosť tohto rastu s rastom efektívnosti meranej pridanou hodnotou. Zásady nového systému. Úplné oslobodenie od dane sa týka iba malých podnikov so zahraničným kapitálom. Charakterizácia nového zdanenia. 
610 2 0 |a mzdy 
610 2 0 |a dane zo mzdy 
610 2 0 |a MR 
610 2 0 |a 1991 
100 1 |a Nieckarz, S.